land use planning for urban area, stueng hav district, krong preah sihanouk (ការរៀបចំផែនការប្រើប្រាស់ដីធ្លីសំរាប់តំបន់ទីប្រជុំជនខណ្ឌស្ទឹងហាវ ក្រុងព្រះសីហនុ) (Record no. 5414)
[ view plain ]
| 000 -LEADER | |
|---|---|
| fixed length control field | 00674nam a22001577a 4500 |
| 003 - CONTROL NUMBER IDENTIFIER | |
| control field | OSt |
| 005 - DATE AND TIME OF LATEST TRANSACTION | |
| control field | 20151231084504.0 |
| 008 - FIXED-LENGTH DATA ELEMENTS--GENERAL INFORMATION | |
| fixed length control field | 151231b xxu||||| |||| 00| 0 eng d |
| 040 ## - CATALOGING SOURCE | |
| Transcribing agency | RUA |
| 082 ## - DEWEY DECIMAL CLASSIFICATION NUMBER | |
| Classification number | LMA NET 2007 B295 Or.1 |
| 100 ## - MAIN ENTRY--PERSONAL NAME | |
| 9 (RLIN) | 5815 |
| Personal name | NET, CHANNA. |
| 245 ## - TITLE STATEMENT | |
| Title | land use planning for urban area, stueng hav district, krong preah sihanouk (ការរៀបចំផែនការប្រើប្រាស់ដីធ្លីសំរាប់តំបន់ទីប្រជុំជនខណ្ឌស្ទឹងហាវ ក្រុងព្រះសីហនុ) |
| 260 ## - PUBLICATION, DISTRIBUTION, ETC. (IMPRINT) | |
| Place of publication, distribution, etc. | Phnom Penh |
| Name of publisher, distributor, etc. | RUA |
| Date of publication, distribution, etc. | 2007 |
| 300 ## - PHYSICAL DESCRIPTION | |
| Extent | xii, 62p. |
| Other physical details | ill. |
| Dimensions | 29cm. |
| 942 ## - ADDED ENTRY ELEMENTS (KOHA) | |
| Source of classification or shelving scheme | |
| Koha item type | LMA |
| Price effective from | Date last seen | Permanent Location | Not for loan | Date acquired | Source of classification or shelving scheme | Koha item type | Lost status | Withdrawn status | Date last checked out | Total Checkouts | Shelving location | Damaged status | Barcode | Current Location | Full call number |
|---|---|---|---|---|---|---|---|---|---|---|---|---|---|---|---|
| 2015-12-31 | 2017-11-15 | Library Block B | 2015-12-31 | LMA | 2017-10-27 | 2 | B295 | RUA017434 | Library Block B | LMA NET 2007 B295 Or.1 | |||||
| 2015-12-31 | 2025-07-19 | Library Block B | 2015-12-31 | LMA | 2025-06-28 | 1 | B295 | RUA025197 | Library Block B | LMA NET 2007 B295 Or.2 | |||||
| 2015-12-31 | 2018-07-03 | Library Block B | 2015-12-31 | LMA | 2018-06-08 | 2 | B295 | RUA025059 | Library Block B | LMA NET 2007 B295 Or.3 | |||||
| 2015-12-31 | 2023-01-20 | Library Block B | 2015-12-31 | LMA | 2023-01-20 | 2 | B295 | RUA017475 | Library Block B | LMA NET 2007 B295 Or.4 | |||||
| 2015-12-31 | 2025-07-19 | Library Block B | 2015-12-31 | LMA | 2025-06-28 | 1 | B295 | RUA025046 | Library Block B | LMA NET 2007 B295 Or.5 |